Country Flags without Symbols - DIFFICULT - Statistics

General Stats
  • This quiz has been taken 2,284 times
  • The average score is 35 of 54
Answer Stats
Flag Country % Correct
France
89%
Russia
88%
Italy
84%
Germany
83%
Japan
82%
Netherlands
81%
Poland
81%
Ireland
80%
Belgium
79%
Latvia
78%
Estonia
77%
Indonesia
77%
Lithuania
77%
Monaco
76%
Romania
76%
Austria
75%
Bulgaria
73%
Luxembourg
73%
Chad
72%
Ukraine
72%
Bangladesh
71%
Hungary
71%
Yemen
71%
Peru
70%
Niger
69%
Mali
68%
Colombia
66%
Cote d'Ivoire
66%
Guinea
66%
Thailand
66%
Palau
65%
Nigeria
63%
Sudan
62%
Armenia
61%
Madagascar
61%
Czech Republic
60%
United Arab Emirates
60%
Benin
59%
Kuwait
58%
Laos
57%
Sierra Leone
57%
Gabon
56%
Congo
55%
Seychelles
54%
Botswana
53%
Mauritius
53%
Tanzania
53%
Gambia
52%
Trinidad and Tobago
48%
Guyana
47%
Bahamas
46%
Saint Lucia
40%
Saint Vincent and the Grenadines
36%
Palestine
28%
No matching quizzes found
Score Distribution
Percent of People with Each Score
Percentile by Number Answered
Your Score History
You have not taken this quiz